|
|
|
|
| LEADER |
00000cam a2200000 7i4500 |
| 001 |
0000135528 |
| 005 |
20200207.0 |
| 008 |
200207t20182018my a e a001 0 bm |
| 020 |
|
|
|a 9789672163442
|
| 040 |
|
|
|a PERPUSTAM
|b eng
|c PERPUSTAM
|e rda
|
| 090 |
0 |
0 |
|a 571.6
|b NOR
|
| 100 |
0 |
|
|a Norhayati Daud ,
|e author
|
| 245 |
1 |
0 |
|a DUNIA SEL
|c NORHAYATI DAUD, ALENE TAWANG, SITI SHAMSIAH SANI
|
| 264 |
|
1 |
|a TANJONG MALIM, PERAK :
|b Penerbit Universiti Pendidikan Sultan Idris
|c 2018
|
| 264 |
|
4 |
|c ©2018
|
| 300 |
|
|
|a 18 unnumbered pages, 221 pages :
|b illustrations ;
|c 23 cm.
|
| 336 |
|
|
|a text, rdacontent
|
| 337 |
|
|
|a unmediated
|2 rdamedia
|
| 338 |
|
|
|a volume
|2 rdacarrier
|
| 500 |
|
|
|a Includes index
|
| 504 |
|
|
|a Bibliography: pages 215-216
|
| 650 |
1 |
0 |
|a Cells
|
| 650 |
2 |
0 |
|a Biology
|
| 650 |
2 |
0 |
|a Cell physiology
|
| 650 |
2 |
0 |
|a Government publications
|z Malaysia
|
| 700 |
0 |
|
|a Alene Tawang ,
|e author
|
| 700 |
0 |
|
|a Siti Shamsiah Sani ,
|e author
|
| 999 |
|
|
|a 0000628916
|b Buku
|c Rak Terbuka
|e Perbadanan Perpustakaan Awam Melaka
|
| 999 |
|
|
|a 0000628917
|b Buku
|c Rak Terbuka
|e Perpustakaan Cawangan Jasin
|
| 999 |
|
|
|a 0000628918
|b Buku
|c Rak Terbuka
|e Perpustakaan Cawangan Masjid Tanah
|
| 999 |
|
|
|a 0000628919
|b Buku
|c Rak Terbuka
|e Perpustakaan Cawangan Merlimau
|
| 999 |
|
|
|a 0000628920
|b Buku
|c Rak Terbuka
|e Perbadanan Perpustakaan Awam Melaka
|
| 999 |
|
|
|a 0000628921
|b Buku
|c Rak Terbuka
|e Perpustakaan Komuniti UTC Melaka
|
| 999 |
|
|
|a 0000628922
|b Buku
|c Rak Terbuka
|e PK Aeon Jaya Jusco
|